Návrh zákona o daniach z príjmov počíta s najvýraznejším znížením priamych daní za posledné desaťročie

Návrh nového zákona o dani z príjmov by mal nadobudnúť účinnosť 1. januára 2000 po schválení slovenskou vládou a parlamentom. Ciele nového zákona. Korekcie v jednotlivých daňových pásmach. Valorizácia nezdaniteľných častí príjmu. Skrátenie odpisových lehôt. Dosah opatrení na štátny rozpočet.

Guardado en:
Detalles Bibliográficos
Autor principal: Kovalčík, Ján
Otros Autores: Medžová, Andrea
Formato: Capítulo de libro
Lenguaje:eslovaco
Materias:
Etiquetas: Agregar Etiqueta
Sin Etiquetas, Sea el primero en etiquetar este registro!

MARC

LEADER 00000naa a2200000 4500
001 r036285
005 20230921103633.2
041 0 |a slo 
044 |a SK 
245 1 0 |a Návrh zákona o daniach z príjmov počíta s najvýraznejším znížením priamych daní za posledné desaťročie  |c Ján Kovalčík, Andrea Medžová 
520 |a Návrh nového zákona o dani z príjmov by mal nadobudnúť účinnosť 1. januára 2000 po schválení slovenskou vládou a parlamentom. Ciele nového zákona. Korekcie v jednotlivých daňových pásmach. Valorizácia nezdaniteľných častí príjmu. Skrátenie odpisových lehôt. Dosah opatrení na štátny rozpočet. 
610 2 0 |a dane z príjmov 
610 2 0 |a zákony 
610 2 0 |a novelizácia 
610 2 0 |a sadzby daňové 
610 2 0 |a základ dane 
610 2 0 |a odpisy daňové 
610 2 0 |a rozpočet štátny 
610 2 0 |a Slovensko 
100 1 |a Kovalčík, Ján 
700 1 |a Medžová, Andrea